Actors who worked with Spike Lee - Statistics

General Stats
  • This quiz has been taken 42 times
    17 since last reset
  • The average score is 25 of 122
Answer Stats
Films Answer % Correct
Malcolm X, Inside Man, He Got Game, Mo'Better Blues, Highest 2 Lowest Denzel Washington
100%
She Hate Me, Miracle at St. Anna Kerry Washington
86%
BlacKkKlansman Adam Driver
71%
Crooklyn, Clockers, Girl 6 Isaiah Washington
71%
Inside Man Jodie Foster
71%
BlacKkKlansman John David Washington
71%
Summer of Sam Adrien Brody
57%
Da 5 Bloods Chadwick Boseman
57%
25th Hour Edward Norton
57%
Highest 2 Lowest Jeffrey Wright
57%
Oldboy Josh Brolin
57%
Do the Right Thing, Oldboy, Chi-Raq, Jungle Fever, Mo'Better Blues, School Daze Samuel L. Jackson
57%
Malcolm X, Chi-Raq Angela Bassett
43%
Inside Man Clive Owen
43%
Do the Right Thing Danny Aiello
43%
Highest 2 Lowest Elijah Wright
43%
Oldboy Elizabeth Olsen
43%
Summer of Sam, Miracle at St. Anna John Leguizamo
43%
Do the Right Thing, He Got Game, Clockers, Jungle Fever, She Hate Me, Miracle at St. Anna John Turturro
43%
Do the Right Thing, She's Gotta Have It, Summer of Sam, Crooklyn, Mo' Better Blues, School of Daze, Girl 6, Get on the Bus, Da Sweet Blood of Jesus, She Hate Me Joie Lee
43%
Do the Right Thing, Jungle Fever, School Daze, Get on the Bus Ossie Davis
43%
25th Hour Philip Seymour Hoffman
43%
Do the Right Thing Rosie Perez
43%
Highest 2 Lowest A$AP Rocky
29%
She Hate Me Anthony Mackie
29%
Do the Right Thing, He Got Game, Mo'Better Blues, School Daze Bill Nunn
29%
25th Hour Brian Cox
29%
Inside Man, She Hate Me Chiwetel Ejiofor
29%
Inside Man Christopher Plummer
29%
Chi-Raq Dave Chappelle
29%
Da 5 Bloods, Malcolm X, Crooklyn, Clockers Delroy Lindo
29%
Do the Right Thing, Malcolm X, Mo'Better Blues, School Daze Giancarlo Esposito
29%
Jungle Fever Halle Berry
29%
Clockers Harvey Keitel
29%
Bamboozled Jada Pinkett Smith
29%
Summer of Sam Jennifer Esposito
29%
School Daze Laurence Fishburne
29%
Do the Right Thing Martin Lawrence
29%
He Got Game Michael Jordan
29%
Summer of Sam Mira Sorvino
29%
He Got Game Ray Allen
29%
25th Hour, He Got Game Rosario Dawson
29%
Da Sweet Blood of Jesus Stephen Tyrone Williams
29%
She's Gotta Have It Tracy Camilla Johns
29%
Miracle at St. Anna Walton Goggins
29%
Chi-Raq, Jungle Fever, Mo'Better Blues Wesley Snipes
29%
Inside Man Willem Dafoe
29%
She Hate Me Woody Harrelson
29%
Malcolm X Albert Hall
14%
Malcolm X Al Freeman Jr.
14%
Crooklyn Alfre Woodard
14%
Jungle Fever Annabella Sciorra
14%
25th Hour Anna Paquin
14%
25th Hour Barry Pepper
14%
He Got Game Bill Walton
14%
Da 5 Bloods | Red Hook Summer Clarke Peters
14%
Miracle at St. Anna, Red Hook Summer Colman Domingo
14%
Bamboozled Damon Wayans
14%
Miracle at St. Anna Derek Luke
14%
Do the Right Thing, Jungle Fever Frank Vincent
14%
BlacKkKlansman, Da 5 Bloods, 25th Hour, Chi-Raq, She Hate Me, Red Hook Summer Isiah Whitlock Jr.
14%
Chi-Raq Jennifer Hudson
14%
Chi-Raq John Cusack
14%
Miracle at St. Anna Joseph Gordon-Levitt
14%
Clockers Keith David
14%
BlacKkKlansman Laura Harrier
14%
Clockers Mekhi Phifer
14%
Oldboy, Summer of Sam, Jungle Fever, Girl 6 Michael Imperioli
14%
Summer of Sam Mike Starr
14%
He Got Game Milla Jovovich
14%
She Hate Me Monica Bellucci
14%
Red Hook Summer Nate Parker
14%
Oldboy, Da Sweet Blood of Jesus Rami Malek
14%
He Got Game Rick Fox
14%
Do the Right Thing, Jungle Fever Ruby Dee
14%
Bamboozled Savion Glover
14%
Do the Right Thing Stephen Park
14%
Chi-Raq Teyonah Parris
14%
Bamboozled Tommy Davidson
14%
BlacKkKlansman Topher Grace
14%
BlacKkKlansman Alec Baldwin
0%
Get on the Bus Andre Braugher
0%
Jungle Fever Anthony Quinn
0%
Highest 2 Lowest Aubrey Joseph
0%
He Got Game Charles Barkley
0%
Get on the Bus Charles S. Dutton
0%
BlacKkKlansman Corey Hawkins
0%
She Hate Me David Bennent
0%
Malcolm X, Chi-Raq, Crooklyn David Patrick Kelly
0%
Highest 2 Lowest Dean Winters
0%
She Hate Me Ellen Barkin
0%
BlacKkKlansman Harry Belafonte
0%
Highest 2 Lowest Ilfenesh Hadera
0%
BlacKkKlansman, Da 5 Bloods Jasper Pääkönen
0%
She's Gotta Have It John Canada Terrell
0%
Da 5 Bloods Jonathan Majors
0%
Inside Man, He Got Game, Summer of Sam. Bamboozled, She Hate Me Kim Director
0%
Oldboy Lance Reddick
0%
Miracle at St. Anna Laz Alonso
0%
Da 5 Bloods Mélanie Thierry
0%
Miracle at St. Anna Michael Ealy
0%
Summer of Sam Michael Rispoli
0%
Chi-Raq Nick Cannon
0%
Da 5 Bloods Norm Lewis
0%
Miracle at St. Anna Omar Benson Miller
0%
BlacKkKlansman, Da 5 Bloods Paul Walter Hauser
0%
Oldboy Pom Klementieff
0%
She Hate Me Poorna Jagannathan
0%
Get on the Bus Randy Quaid
0%
He Got Game Reggie Miller
0%
Do the Right Thing Richard Edson
0%
Crooklyn RuPaul
0%
He Got Game Scottie Pippen
0%
He Got Game Shaquille O'Neal
0%
Oldboy Sharlto Copley
0%
Da Sweet Blood of Jesus, Red Hook Summer Stephen McKinley Henderson
0%
Malcolm X, Girl 6 Theresa Randle
0%
School Daze Tisha Campbell
0%
She's Gotta Have It Tommy Redmond Hicks
0%
Malcolm X, Highest 2 Lowest Wendell Pierce
0%
Da Sweet Blood of Jesus Zaraah Abrahams
0%
No matching quizzes found
Score Distribution
Percent of People with Each Score
Percentile by Number Answered
Your Score History
You have not taken this quiz since the last reset